000 00916nam a2200301 i 4500
001 60453
003 ES-MaACL
005 20250720041555.0
007 t|
008 031104s1984 sp ||||1| spa d
017 _aM 43962-1984
020 _a84862807
040 _cES-MaACL
100 1 _aEsteban, José,
_d1935-
_948033
_eaut
245 1 3 _aEl Madrid liberal /
_cJosé Esteban.
250 _a1ª ed.
260 _aMadrid :
_bAvapiés,
_c1984.
300 _a157 páginas :
_bil. ;
_c20 cm.
490 1 _aColección Avapiés ;
_v12
504 _aBibliografía.
651 7 _aEspaña-
_xHistoria-
_y1820-1823, Trienio constitucional
_2
_9145382
651 4 _98939
_aMadrid
830 0 0 _aAvapiés
_v12
_9178596
852 _aES-MaACL
_jL-9987
_bR.111261
_cDEPO2
_xEncuadernación rústica
942 _cMONOGRAFIA
_n0
999 _c60453
_d60453